Financial Services (Record no. 15769)

MARC details
000 -LEADER
fixed length control field 00353nam a2200145Ia 4500
008 - FIXED-LENGTH DATA ELEMENTS--GENERAL INFORMATION
fixed length control field 221030s9999 xx 000 0 und d
020 ## - INTERNATIONAL STANDARD BOOK NUMBER
ISBN 8126519903
041 ## - LANGUAGE CODE
Language code of text/sound track or separate title
100 ## - MAIN ENTRY--AUTHOR NAME
Personal name R. Shanmugham
245 #0 - TITLE STATEMENT
Title Financial Services
Statement of responsibility, etc by R. Shanmugham
260 ## - PUBLICATION, DISTRIBUTION, ETC. (IMPRINT)
Name of publisher Willey Pub.
Place of publication New Delhi
Year of publication 2014
300 ## - PHYSICAL DESCRIPTION
Number of Pages 274
650 ## - SUBJECT ADDED ENTRY--TOPICAL TERM
Topical Term Management
942 ## - ADDED ENTRY ELEMENTS (KOHA)
Koha item type Books
Holdings
Accession Number Cost, normal purchase price Bill Date Source of acquisition Price effective from Koha item type Withdrawn / writtenoff status Materials specified (bound volume or other part) Damaged status Not for loan Permanent Location Current Location Shelving location Date acquired Lost/ Missing status department
MBA 2727 569.00 3919 RKB 10/30/2022 Books   Print     MIET Library, Jammu MIET Library, Jammu BL-Academic Block B, FL-2, CUP-62, SH-2, R-2 12/04/2015   MBA
MBA 2725 569.00 3919 RKB 10/30/2022 Books   Print   Not For Loan MIET Library, Jammu MIET Library, Jammu BL-Academic Block B, FL-2, CUP-137, SH-2, R-2 12/04/2015   MBA
MBA 2726 569.00 3919 RKB 10/30/2022 Books   Print     MIET Library, Jammu MIET Library, Jammu BL-Academic Block B, FL-2, CUP-62, SH-2, R-2 12/04/2015   MBA